000 00504nam a2200181Ia 4500
008 100917s9999 xx 000 0 und d
082 _b30523
100 _aकाळे व. पु.
245 _aमाया बाजार
260 _bमेनका प्रकाशन
_c1977
300 _a116
365 _b8
520 _aकादंबरी
630 _aमाया बाजार
650 _aकादंबरी
730 _aमाया बाजार
942 _cBOOK
999 _c635917
_d635914